Dios tiene una O / (Record no. 119444)

MARC details
000 -LEADER
campo de control de longitud fija 00606nam a2200205 4500
001 - NÚMERO DE CONTROL
campo de control 119444
003 - IDENTIFICADOR DE NÚMERO DE CONTROL
campo de control ES-MaACL
005 - FECHA Y HORA DE LA ÚLTIMA TRANSACCIÓN
campo de control 20251120063140.0
007 - CAMPO FIJO DE DESCRIPCIÓN FÍSICA--INFORMACIÓN GENERAL
campo de control de longitud fija t|
008 - DATOS DE LONGITUD FIJA--INFORMACIÓN GENERAL
campo de control de longitud fija 070214s1962 sp r ||||1| spa d
100 1# - ENTRADA PRINCIPAL--NOMBRE DE PERSONA
Nombre de persona Pérez Lozano, José María,
Fechas asociadas al nombre 1926-1975
9 (RLIN) 90983
245 10 - MENCIÓN DEL TÍTULO
Título Dios tiene una O /
Mención de responsabilidad, etc. José María Pérez Lozano.
250 ## - MENCION DE EDICION
Mención de edición 3ª ed.
260 ## - PUBLICACIÓN, DISTRIBUCIÓN, ETC.
Lugar de publicación, distribución, etc. Barcelona :
Nombre del editor, distribuidor, etc. Flors,
Fecha de publicación, distribución, etc. 1962.
300 ## - DESCRIPCIÓN FÍSICA
Extensión 163 p. 7 láms. :
Otras características físicas il ;
Dimensiones 19 cm.
490 1# - MENCIÓN DE SERIE
Mención de serie Colección estría
830 0# - PUNTO DE ACCESO ADICIONAL DE SERIE-TÍTULO UNIFORME
Título uniforme Colección estría
9 (RLIN) 218600
852 ## - LOCALIZACIÓN
Ubicación ES-MaACL
Número de control de estantería C-22083
Sublocalización o colección R.50568
Holdings
Estatus retirado Estado de pérdida Estado de daño No para préstamo Biblioteca de origen Biblioteca actual Ubicación en estantería Fecha de adquisición Fuente de adquisición Total de préstamos Signatura topográfica completa Código de barras Visto por última vez Precio de reemplazo Tipo de ítem Koha
        Biblioteca del Ateneo de Madrid Biblioteca del Ateneo de Madrid Galería 17/01/2008     C-22083 1124508 23/02/2023 23/02/2023 Libro impreso